Districts in Ankara - Statistics

General Stats
  • This quiz has been taken 40 times
  • The average score is 18 of 25
Answer Stats
District % Correct
Çankaya
93%
Beypazarı
89%
Etimesgut
89%
Sincan
89%
Keçiören
85%
Mamak
85%
Polatlı
85%
Yenimahalle
85%
Altındağ
78%
Kızılcahamam
78%
Balâ
74%
Gölbaşı
74%
Ayaş
70%
Elmadağ
70%
Şereflikoçhisar
70%
Haymana
67%
Nallıhan
67%
Kahramankazan
63%
Çubuk
59%
Evren
59%
Akyurt
56%
Pursaklar
56%
Güdül
48%
Çamlıdere
44%
Kalecik
37%
No matching quizzes found
Score Distribution
Percent of People with Each Score
Percentile by Number Answered
Your Score History
You have not taken this quiz